[Event "GER-ch U12"]
[Site "Willingen"]
[Date "2020.10.30"]
[Round "6"]
[White "Ivanov, Alexander"]
[Black "Stadelmann, Constantin"]
[Result "0-1"]
[WhiteElo "1261"]
[BlackElo "1366"]
[PlyCount "76"]
[EventDate "2020.10.26"]
[EventType "swiss"]
[EventRounds "7"]
[EventCountry "GER"]
[SourceTitle "CBM 199 Extra"]
[Source "ChessBase"]
[SourceDate "2021.01.31"]
[SourceVersion "1"]
[SourceVersionDate "2021.01.31"]
[SourceQuality "1"]

1. d4 d5 2. c4 e6 3. Nc3 f5 4. Nf3 Nf6 5. g3 c6 6. Bg2 Bd6 7. 0-0 Ne4 8. Bf4 0-0 9. Nxe4 fxe4 10. Bxd6 exf3 11. Bxf8 fxg2 12. Kxg2 Qxf8 13. f4 dxc4 14. Qc2 b5 15. a4 Bb7 16. Kg1 Nd7 17. Qe4 Qe7 18. axb5 Nf6 19. Qe5 Nd7 20. Qe4 Nf6 21. Qe5 Ng4 22. Qg5 Qxg5 23. fxg5 cxb5 24. Ra3 a6 25. Rc3 e5 26. e3 b4 27. Rxc4 Nxe3 28. Rxb4 Nxf1 29. Kxf1 Rf8+ 30. Ke1 Bd5 31. dxe5 Re8 32. h4 Rxe5+ 33. Kf2 Rf5+ 34. Rf4 Rxf4+ 35. gxf4 Kf7 36. h5 Ke6 37. b4 Kf5 38. Kg3 Be4 0-1

[Event "GER-chT School WK 4"]
[Site "Playchess.com INT"]
[Date "2020.06.16"]
[Round "4.2"]
[White "Di Renzo, John Bruno"]
[Black "Stadelmann, Constantin"]
[Result "1-0"]
[WhiteElo "1620"]
[BlackElo "1697"]
[PlyCount "155"]
[EventDate "2020.06.16"]
[EventType "team-swiss (blitz)"]
[EventRounds "5"]
[EventCountry "GER"]
[SourceTitle "EXT 2021"]
[Source "ChessBase"]
[SourceDate "2020.10.23"]
[SourceVersion "1"]
[SourceVersionDate "2020.10.23"]
[SourceQuality "1"]
[WhiteTeam "Dorfen Gymn"]
[BlackTeam "Weimar Schiller Gymn"]
[WhiteTeamCountry "GER"]
[BlackTeamCountry "GER"]

1. e4 d6 2. Nf3 d5 3. exd5 Qxd5 4. Nc3 Qa5 5. d3 e6 6. Be2 Nf6 7. 0-0 b6 8. Bd2 Na6 9. Ne4 Qa4 10. Nxf6+ gxf6 11. b3 Qc6 12. Nd4 Qd5 13. Be3 Bb7 14. Bf3 Qd6 15. Nb5 Qb4 16. Bxb7 Qxb5 17. Bxa8 c6 18. c4 Qf5 19. Bxc6+ Ke7 20. Qf3 Qxf3 21. Bxf3 Rg8 22. a3 Nc5 23. Bxc5+ bxc5 24. b4 Ke8 25. Rab1 Rg5 26. Bc6+ Kd8 27. bxc5 Bxc5 28. Bf3 Bxa3 29. Ra1 Bc5 30. Rfd1 e5 31. Ra5 Bd4 32. Rd5+ Kc7 33. Rb1 Rf5 34. Rb7+ Kxb7 35. Rxe5+ Rxf3 36. Re7+ Kc6 37. gxf3 Kd6 38. Rxf7 Ke6 39. Rxh7 Kf5 40. Kg2 Kf4 41. Rh4+ Ke5 42. f4+ Kf5 43. Kf3 Bb6 44. Rh5+ Ke6 45. h4 a5 46. Rb5 Bc7 47. h5 Kd6 48. h6 a4 49. h7 a3 50. h8B a2 51. Bxf6 Ke6 52. Ba1 Bd8 53. Rb4 Bf6 54. Bxf6 Kxf6 55. Ra4 a1Q 56. Rxa1 Kf5 57. Ra5+ Kf6 58. Kg4 Ke6 59. Kg5 Kd6 60. Kf6 Kc6 61. d4 Kb6 62. Rh5 Kc6 63. Ke7 Kc7 64. Rh6 Kb7 65. f3 Kc7 66. Ke6 Kb6 67. Kd5+ Ka5 68. Kc5 Ka4 69. Rb6 Ka5 70. d5 Ka4 71. Kd4 Ka5 72. Rb1 Ka4 73. Kc3 Ka5 74. c5 Ka6 75. c6 Ka7 76. c7 Ka6 77. c8Q+ Ka7 78. Qb7# 1-0

[Event "GER-chT School WK 4"]
[Site "Playchess.com INT"]
[Date "2020.06.16"]
[Round "2.2"]
[White "Schupp, Lukas"]
[Black "Stadelmann, Constantin"]
[Result "1-0"]
[WhiteElo "1530"]
[BlackElo "1697"]
[PlyCount "125"]
[EventDate "2020.06.16"]
[EventType "team-swiss (blitz)"]
[EventRounds "5"]
[EventCountry "GER"]
[SourceTitle "EXT 2021"]
[Source "ChessBase"]
[SourceDate "2020.10.23"]
[SourceVersion "1"]
[SourceVersionDate "2020.10.23"]
[SourceQuality "1"]
[WhiteTeam "Gernsheim Gymn"]
[BlackTeam "Weimar Schiller Gymn"]
[WhiteTeamCountry "GER"]
[BlackTeamCountry "GER"]

1. d4 d5 2. Nf3 e6 3. e3 f5 4. a3 Nf6 5. b3 Bd6 6. Bb2 0-0 7. Bd3 Bd7 8. Nbd2 Be8 9. 0-0 Qe7 10. c4 c6 11. c5 Bc7 12. b4 Nbd7 13. Ne5 Rc8 14. f4 Bb8 15. Nb3 Ne4 16. Bxe4 fxe4 17. Bc3 Rf5 18. g4 Rf6 19. g5 Rf8 20. Kh1 Bg6 21. Na5 Nxe5 22. dxe5 b6 23. Nb3 Rfd8 24. Bd4 Bf5 25. Qh5 Qf7 26. Qxf7+ Kxf7 27. cxb6 axb6 28. Bxb6 Rd7 29. Bd4 Ba7 30. Nc5 Re7 31. Rfb1 Rb8 32. a4 Bxc5 33. Bxc5 Reb7 34. a5 d4 35. Bxd4 Rxb4 36. Rxb4 Rxb4 37. a6 Rb8 38. a7 Ra8 39. Rb1 Kg6 40. Rb8 Rxa7 41. Bxa7 h6 42. gxh6 gxh6 43. Rc8 Bg4 44. Rxc6 Bf3+ 45. Kg1 Kh5 46. Rxe6 Bg4 47. Rd6 Bf5 48. e6 Bg6 49. e7 Bf7 50. Rd8 Kh4 51. e8Q Bxe8 52. Rxe8 h5 53. Rxe4 Kh3 54. f5 h4 55. Rxh4+ Kxh4 56. e4 Kg5 57. Kf2 Kf6 58. h4 Ke5 59. h5 Kf6 60. h6 Kf7 61. e5 Kg8 62. f6 Kf7 63. h7 1-0